| 000 | 00723nam a22002057a 4500 | ||
|---|---|---|---|
| 999 |
_c15742 _d15742 |
||
| 003 | AR-CdUCM | ||
| 008 | 190429b ||||| |||| 00| 0 spa d | ||
| 040 |
_aMUNICIPALIDAD PROVINCIAL DEL CUSCO _cBIBLIOTECA MUNICIPAL DEL CUSCO |
||
| 082 |
_aC / 338.10 / _bP957 |
||
| 110 |
_aOficina de estadistica _934937 |
||
| 245 |
_aPrincipales productos industriales 1973 : _bIndustria de caucho, industria química, industria del petroleo y carbón / |
||
| 260 |
_aLima : _bOficina de estadística, _c1975. |
||
| 300 |
_a27 hojas ; _c21 cm. |
||
| 505 | _aCaucho -- Química -- Petroleo -- Carbón... | ||
| 650 |
_aCaucho. _934938 |
||
| 650 |
_aQuímica. _94512 |
||
| 650 |
_aPetroleo. _91700 |
||
| 942 |
_2ddc _cLIBROS |
||
| 945 | _awfj | ||